| 000 | 00751nam a2200217Ii 4500 | ||
|---|---|---|---|
| 003 | JO-AjNU | ||
| 008 | 230605s9999||||xx |||||||||||||| ||und|| | ||
| 017 | _a1980/2059 | ||
| 020 | _a306-212-0 | ||
| 040 |
_aJO-AjNU _bara _erda _cJO-AjNU |
||
| 041 | _aara | ||
| 050 | 1 | 4 | _aBF199.S2336.1980 |
| 100 | 3 |
_aفرج، صفوت, _eauthor _936696 |
|
| 245 | 0 | 0 | _aالتحليل العاملي في العلوم السلوكية |
| 264 | 3 | 1 | _aد.م:دار الفكر العربي ،1980 |
| 300 |
_a470ص _bملاحق من ص417-ص444 ، مصطلحات من ص 455-ص470 |
||
| 336 |
_atext _btxt _2rdacontent |
||
| 337 |
_aunmediated _bn _2rdamedia |
||
| 338 |
_avolume _bnc _2rdacarrier |
||
| 650 | 4 |
_aتحليل رياضي-رياضيات حديثة _936697 |
|
| 999 |
_aA15269 _c18837 _d18837 |
||